[Event "PRO League Group Stage"]
[Site "chess.com INT"]
[Date "2017.02.22"]
[Round "7"]
[White "He, Anthony B"]
[Black "Phillips, Ryan"]
[Result "1-0"]
[WhiteElo "2183"]
[BlackElo "1900"]
[WhiteTeam "Seattle Sluggers"]
[BlackTeam "Las Vegas Desert Rats"]
[WhiteFideId "2088215"]
[BlackFideId "2082136"]
[EventDate "2017.01.11"]

1. e4 c5 2. Nf3 d6 3. d4 cxd4 4. Nxd4 Nf6 5. Nc3 a6 6. Be3 e5 7. Nb3 Be6 8. h3
Nbd7 9. Qd2 Be7 10. g4 h6 11. Bg2 Nb6 12. Na5 Qc7 13. Nd5 Nbxd5 14. exd5 Bc8 15.
O-O-O Bd8 16. Nb3 b5 17. f4 Nd7 18. Qe2 O-O 19. h4 exf4 20. Bxf4 Nf6 21. g5 Bg4
22. Bf3 Re8 23. Qg2 Bxf3 24. Qxf3 Rc8 25. Nd4 Qc4 26. b3 Qb4 27. gxf6 Bxf6 28.
Nc6 Qa3+ 29. Kd2 Rxc6 30. dxc6 Qa5+ 31. c3 Qxa2+ 32. Kd3 Qxb3 33. Rc1 b4 34.
Rhe1 Rxe1 35. Rxe1 Qxc3+ 36. Ke2 Qc4+ 37. Kf2 Bxh4+ 38. Bg3 Bxg3+ 39. Kxg3 Qc5
40. Re8+ Kh7 41. Qxf7 Qxc6 42. Qg8+ Kg6 43. Re6+ Kh5 44. Qf7+ Kg5 45. Qg6# 1-0

[Event "PRO League Group Stage"]
[Site "chess.com INT"]
[Date "2017.02.22"]
[Round "7"]
[White "Sebenik, Matej"]
[Black "Svendsen, Bertil"]
[Result "1/2-1/2"]
[WhiteTitle "GM"]
[WhiteElo "2534"]
[BlackElo "2214"]
[WhiteTeam "Ljubljana Direwolves"]
[BlackTeam "Norway Gnomes"]
[WhiteFideId "14602296"]
[BlackFideId "1502808"]
[EventDate "2017.01.11"]

1. Nf3 Nf6 2. g3 g6 3. c4 Bg7 4. Bg2 O-O 5. d4 d6 6. O-O Nbd7 7. Nc3 e5 8. e4 c6
9. h3 Re8 10. Be3 exd4 11. Nxd4 Nc5 12. Qc2 a5 13. Rfe1 a4 14. f4 Nfd7 15. Rad1
Qa5 16. a3 Qc7 17. Bf2 Nb6 18. Ndb5 cxb5 19. Nxb5 Qe7 20. Nxd6 Nbd7 21. Nxe8
Qxe8 22. e5 Bf8 23. g4 Ne6 24. Bg3 Ndc5 25. f5 Ng7 26. e6 gxf5 27. exf7+ Qxf7
28. Rd8 Nce6 29. Bd5 Nxd8 30. Bxf7+ Nxf7 31. c5 Bd7 32. Rd1 Be6 33. c6 bxc6 34.
Qxc6 Rc8 35. Qxa4 fxg4 36. hxg4 Rc4 37. Qa8 Rxg4 38. Kh2 Nf5 39. Rg1 h5 40. Bf2
Ne5 41. Bc5 Kh7 42. Qb7+ Bg7 43. Rxg4 hxg4 44. Bf8 Kg6 45. Bxg7 Nxg7 46. Qe4+
Kf6 47. a4 Nf5 48. a5 Nf3+ 49. Kg2 Bd5 50. Qxd5 Ne3+ 51. Kg3 Nxd5 52. Kxg4 Nd4
53. b4 Ke6 54. a6 Nb6 55. b5 Nxb5 56. a7 Nxa7 57. Kf4 Nc6 58. Ke4 Nd5 59. Kd3
Ne5+ 60. Kd4 Kd6 61. Ke4 Ne7 62. Kd4 1/2-1/2

[Event "PRO League Group Stage"]
[Site "chess.com INT"]
[Date "2017.02.22"]
[Round "7"]
[White "Robson, Ray"]
[Black "Stukopin, Andrey"]
[Result "1-0"]
[WhiteTitle "GM"]
[BlackTitle "GM"]
[WhiteElo "2675"]
[BlackElo "2586"]
[WhiteTeam "Webster Windmills"]
[BlackTeam "Rio Grande Ospreys"]
[WhiteFideId "2023970"]
[BlackFideId "24107131"]
[EventDate "2017.01.11"]

1. e4 e5 2. Nf3 Nc6 3. Bb5 a6 4. Ba4 Nf6 5. O-O Be7 6. Re1 b5 7. Bb3 d6 8. c3
O-O 9. h3 Na5 10. Bc2 c5 11. d4 Qc7 12. Nbd2 Re8 13. Nf1 g6 14. Ng3 Bf8 15. d5
c4 16. Bg5 Bg7 17. Qd2 Nb7 18. Nh4 Nc5 19. Bh6 Bxh6 20. Qxh6 Qe7 21. f4 exf4 22.
Qxf4 Qe5 23. Qf2 Nh5 24. Nxh5 Qxh5 25. Nf3 Bd7 26. e5 Rac8 27. exd6 Qxd5 28.
Rad1 Nd3 29. Bxd3 cxd3 30. Rxe8+ Rxe8 31. Qd4 Qxd4+ 32. Nxd4 Re5 33. Rxd3 Rd5
34. Re3 Rxd6 35. a3 Kg7 36. Kf2 h6 37. Re5 Kf6 38. Rc5 Be6 39. Ke3 Bd5 40. g3 g5
41. Rc7 Bg2 42. h4 gxh4 43. gxh4 Kg6 44. Kf4 Bd5 45. Ke5 Rd8 46. Ra7 f6+ 47. Kf4
Re8 48. Rxa6 Re4+ 49. Kg3 h5 50. Nxb5 Rg4+ 51. Kf2 Rxh4 52. Nc7 Rf4+ 53. Ke3
Rf3+ 54. Ke2 Be4 55. Re6 Kf5 56. Nb5 Rd3 57. Rd6 Rh3 58. Nd4+ Kf4 59. Rxf6+ Ke5
60. Rf8 Rh2+ 61. Ke3 Rh3+ 62. Nf3+ Bxf3 63. Rxf3 Rh1 64. b4 Ra1 65. Rh3 Kd5 66.
Rxh5+ Kc4 67. Rc5+ Kb3 68. b5 Rxa3 69. b6 Ra8 70. b7 Rb8 71. Rc7 Ka4 72. c4 Ka5
73. c5 Ka6 74. c6 Re8+ 75. Kd4 1-0

[Event "PRO League Group Stage"]
[Site "chess.com INT"]
[Date "2017.02.22"]
[Round "7"]
[White "Fontaine, Robert"]
[Black "Agrest, Evgenij"]
[Result "0-1"]
[WhiteTitle "GM"]
[BlackTitle "GM"]
[WhiteElo "2549"]
[BlackElo "2593"]
[WhiteTeam "Cannes Blockbusters"]
[BlackTeam "Stockholm Snowballs"]
[WhiteFideId "605590"]
[BlackFideId "1705024"]
[EventDate "2017.01.11"]

1. b3 e5 2. Bb2 Nc6 3. e3 Nf6 4. Bb5 Bd6 5. Nc3 O-O 6. Nge2 Ne7 7. Ng3 c6 8. Bd3
Bc7 9. Nh5 Ng6 10. Nxf6+ Qxf6 11. Ne4 Qe7 12. Qh5 d5 13. Ng5 h6 14. h4 e4 15.
Be2 Be5 16. O-O-O Bxb2+ 17. Kxb2 Qe5+ 18. Kb1 hxg5 19. hxg5 Re8 20. f4 exf3 21.
gxf3 Bf5 22. f4 Qe6 23. Rde1 Kf8 24. Qh2 Ke7 25. Qf2 Rh8 26. d3 Rxh1 27. Rxh1
Rh8 28. Rxh8 Nxh8 29. Bf3 Ng6 30. Bh1 Qd6 31. e4 dxe4 32. dxe4 Bd7 33. f5 Qd1+
34. Kb2 Qxh1 35. fxg6 fxg6 36. Qc5+ Ke6 37. Qxa7 Qxe4 38. Qxb7 Qe5+ 39. Kb1 Qxg5
40. a4 Qa5 41. Qb8 Kf7 42. Qb7 Ke7 43. Qb8 g5 44. Qg3 g4 45. Qe3+ Kd8 46. Qd4 g5
47. Qd6 Qd5 48. Qb4 Kc7 49. a5 Qb5 50. Qe1 Kc8 51. Kb2 c5 52. Qe5 Qxa5 53. Qxg5
Qb4 54. c3 Qb5 55. Qe5 c4 56. Qh8+ Kb7 57. b4 Qd5 58. Qg7 Qd3 59. b5 Qd5 60. Kc2
Qxb5 61. Kd2 Qd5+ 62. Kc1 Qd3 63. Kb2 g3 64. Ka3 Qd6+ 65. Kb2 Qd2+ 66. Ka3 g2
67. Kb4 Qd5 68. Ka3 Qa5+ 69. Kb2 Qb6+ 70. Ka3 Qb3# 0-1

[Event "PRO League Group Stage"]
[Site "chess.com INT"]
[Date "2017.02.22"]
[Round "7"]
[White "Pruijssers, Roeland"]
[Black "Pert, Richard G"]
[Result "1-0"]
[WhiteTitle "GM"]
[BlackTitle "IM"]
[WhiteElo "2502"]
[BlackElo "2414"]
[WhiteTeam "Apeldoorn Apes"]
[BlackTeam "London Towers"]
[WhiteFideId "1013068"]
[BlackFideId "404748"]
[EventDate "2017.01.11"]

1. e4 c5 2. Nf3 d6 3. d4 cxd4 4. Nxd4 Nf6 5. Nc3 g6 6. Be3 Bg7 7. f3 Nc6 8. Qd2
Bd7 9. g4 Rc8 10. h4 h5 11. g5 Nh7 12. O-O-O Ne5 13. f4 Ng4 14. Bg1 O-O 15. f5
Re8 16. Be2 Ne5 17. Be3 Nc4 18. Bxc4 Rxc4 19. fxg6 fxg6 20. Nf5 Rxc3 21. Nxg7
Rxe3 22. Nxe8 Rxe4 23. Nxd6 exd6 24. Qxd6 Nf8 25. Qd5+ Re6 26. Qxb7 Qe8 27. Rhf1
Re7 28. Qd5+ Be6 29. Qa5 Bf5 30. Rfe1 Rxe1 31. Rxe1 Qc6 32. Qd2 Ne6 33. b3 Qc5
34. Kb2 Kf7 35. Qd7+ Qe7 36. Qd5 Qb4 37. Qd7+ Qe7 38. Rd1 Nf4 39. Qd4 Ne6 40.
Qh8 Ng7 41. Qb8 Ne6 42. a4 Nc5 43. Qh8 Ne6 44. Re1 Qc7 45. Qf6+ Kg8 46. Rxe6
Bxe6 47. Qxe6+ Kh7 48. Qf6 Qc5 49. Qf7+ Kh8 50. Qxg6 Qd4+ 51. Ka2 Qc3 52. Qf6+
Qxf6 53. gxf6 Kg8 54. b4 Kf7 55. b5 Kxf6 56. a5 Ke6 57. Kb3 Kd5 58. Kb4 1-0

[Event "PRO League Group Stage"]
[Site "chess.com INT"]
[Date "2017.02.22"]
[Round "7"]
[White "Phillips, Ryan"]
[Black "Mukumbya, Benjamin"]
[Result "0-1"]
[WhiteElo "1900"]
[BlackElo "1901"]
[WhiteTeam "Las Vegas Desert Rats"]
[BlackTeam "Seattle Sluggers"]
[WhiteFideId "2082136"]
[BlackFideId "10001115"]
[EventDate "2017.01.11"]

1. e4 c5 2. Nf3 e6 3. d4 cxd4 4. Nxd4 Nc6 5. Nc3 a6 6. Be2 Bc5 7. Nb3 Bb6 8. O-O
d6 9. Qd3 Nf6 10. Qg3 Rg8 11. Bg5 Bc7 12. Rad1 Bd7 13. Rfe1 h6 14. Bc1 Qe7 15.
f4 O-O-O 16. Be3 g5 17. fxg5 Nh7 18. Qh4 Nxg5 19. Qxh6 Rg6 20. Bxg5 Rxg5 21. Qh3
Rdg8 22. Bf1 Qf6 23. Rd3 Bb6+ 24. Kh1 Qf2 25. Rde3 Bxe3 26. Qxe3 Rxg2 27. Qxf2
Rxf2 28. Ne2 Ne5 29. Ng1 Rxc2 30. Rc1 Rxc1 31. Nxc1 Bc6 32. Bg2 f5 33. Nge2 fxe4
34. Nd4 Bd5 35. Nce2 Nf3 36. Nc2 Nh4 37. Ne3 Nxg2 38. Nxg2 e3 39. Nf4 e2 40.
Nxd5 Rxg2 0-1

[Event "PRO League Group Stage"]
[Site "chess.com INT"]
[Date "2017.02.22"]
[Round "7"]
[White "Li, Ruifeng"]
[Black "Dreev, Aleksey"]
[Result "1/2-1/2"]
[WhiteTitle "IM"]
[BlackTitle "GM"]
[WhiteElo "2564"]
[BlackElo "2651"]
[WhiteTeam "Dallas Destiny"]
[BlackTeam "San Diego Surfers"]
[WhiteFideId "2061074"]
[BlackFideId "4100107"]
[EventDate "2017.01.11"]

1. e4 c6 2. Nc3 d5 3. Nf3 Bg4 4. h3 Bxf3 5. Qxf3 e6 6. d3 Nd7 7. g3 Bc5 8. Bg2
Ne7 9. O-O O-O 10. Qe2 f5 11. Kh2 Bd4 12. Nd1 Nf6 13. c3 Bb6 14. e5 Nd7 15. f4
a5 16. Nf2 a4 17. Bd2 Nc5 18. Be3 Nd7 19. d4 Qe8 20. Nd3 Ba5 21. Qc2 Qb8 22. b3
Qa7 23. b4 Bd8 24. Nc5 Nxc5 25. dxc5 b5 26. Rg1 Qd7 27. Bf1 Qe8 28. g4 fxg4 29.
hxg4 Qg6 30. Bd3 Qh6+ 31. Kg3 Ng6 32. Bxg6 Qxg6 33. Qxg6 hxg6 34. Raf1 Ra7 35.
g5 Kf7 36. Rh1 Be7 37. Bd4 Rg8 38. Rh7 Bf8 39. Rfh1 Ra8 40. R1h6 Re8 41. Kf3 Re7
42. Kg4 Re8 1/2-1/2

[Event "PRO League Group Stage"]
[Site "chess.com INT"]
[Date "2017.02.22"]
[Round "7"]
[White "Li, Ruifeng"]
[Black "Brown, Michael William"]
[Result "0-1"]
[WhiteTitle "IM"]
[BlackTitle "IM"]
[WhiteElo "2564"]
[BlackElo "2452"]
[WhiteTeam "Dallas Destiny"]
[BlackTeam "San Diego Surfers"]
[WhiteFideId "2061074"]
[BlackFideId "2037602"]
[EventDate "2017.01.11"]

1. e4 e5 2. Nf3 Nc6 3. Bb5 a6 4. Ba4 Nf6 5. O-O Be7 6. Re1 b5 7. Bb3 d6 8. c3
O-O 9. h3 Na5 10. Bc2 c5 11. d4 Qc7 12. Nbd2 cxd4 13. cxd4 Rd8 14. b3 Nc6 15.
Bb2 Bb7 16. Rc1 Qb6 17. d5 Nb4 18. Bb1 a5 19. Nf1 Bf8 20. Ng3 g6 21. Qd2 Na6 22.
Nd4 Rdc8 23. Ndf5 Rxc1 24. Bxc1 Kh8 25. Nh6 Qc7 26. Qg5 Ng8 27. Nxg8 Kxg8 28. f4
Qe7 29. Qg4 exf4 30. Bxf4 Bg7 31. Rf1 Bc8 32. Qf3 Bd4+ 33. Kh1 f6 34. Ne2 Be5
35. Be3 Bd7 36. Nd4 Nc5 37. Qf2 Rc8 38. Nf3 Bc3 39. Nd4 Rf8 40. Qf3 b4 41. Bc2
Qe5 42. Ne2 Bb2 43. Bf4 Qe7 44. Rd1 Re8 45. Ng3 Be5 46. Be3 Bxg3 47. Qxg3 Nxe4
48. Bxe4 Qxe4 49. Bf4 Bxh3 50. Bxd6 Bg4 51. Rf1 f5 52. Bf4 Qxd5 53. Rc1 Qe6 54.
Qf2 h5 55. Qh4 Qe7 56. Bg5 Qd6 57. Qf2 Re2 58. Rc8+ Kf7 59. Qa7+ Ke6 60. Re8+
Kd5 61. Qxa5+ Kd4 62. Rxe2 Bxe2 63. Be7 Qxe7 64. Qb6+ Kd3 65. Qxg6 Qe4 66. a3
bxa3 67. Qd6+ Ke3 68. Qxa3 Bf1 69. Qc1+ Kf2 70. Qb2+ Kg3 71. Qc3+ Kf2 72. Qb2+
Be2 73. Qg7 Qh4# 0-1

[Event "PRO League Group Stage"]
[Site "chess.com INT"]
[Date "2017.02.22"]
[Round "7"]
[White "Podvin, Francois-xavier"]
[Black "Meier, Georg"]
[Result "0-1"]
[BlackTitle "GM"]
[WhiteElo "2145"]
[BlackElo "2630"]
[WhiteTeam "Cannes Blockbusters"]
[BlackTeam "Stockholm Snowballs"]
[WhiteFideId "677540"]
[BlackFideId "4675789"]
[EventDate "2017.01.11"]

1. e4 e6 2. d4 d5 3. Nd2 dxe4 4. Nxe4 Nd7 5. Nf3 Ngf6 6. Bd3 c5 7. O-O Nxe4 8.
Bxe4 Nf6 9. Bg5 cxd4 10. Nxd4 Be7 11. Bf3 O-O 12. Qd3 Qc7 13. c3 Ng4 14. Bxg4
Bxg5 15. Rad1 Rd8 16. Qe2 a6 17. Bf3 Bd7 18. g3 Rac8 19. Rfe1 Bf6 20. Qe4 Rb8
21. Bg2 Be8 22. Nc2 b5 23. Nb4 Qb6 24. a3 a5 25. Nc6 Rxd1 26. Rxd1 Rc8 27. Ne5
Qc7 28. Nf3 h6 29. Nd4 Rd8 30. Qe2 b4 31. axb4 axb4 32. Bf1 bxc3 33. bxc3 Qxc3
34. Nb5 Qc5 35. Rxd8 Bxd8 36. Qc4 Qe7 37. Nc3 Kf8 38. Bg2 Bb6 39. Qe2 Qc5 40.
Ne4 Qd4 41. Bf1 Bc6 42. Bg2 Qa1+ 43. Qf1 Qb2 44. Qe1 Bd4 45. Nd6 Bd7 46. Nc4 Qb5
47. Nd2 Qb6 48. Nf3 Bc5 49. Ne5 Be8 50. Nd3 Bd6 51. Bf3 Qd4 52. Nc1 Ke7 53. Kg2
Bd7 54. Ne2 Qe5 55. Qc3 Qxc3 56. Nxc3 f5 57. Be2 Be5 58. Nd1 Bd4 59. f4 g5 60.
fxg5 hxg5 61. Nf2 g4 62. Kf1 Kf6 63. h4 Bc6 64. Nxg4+ fxg4 65. Bxg4 e5 66. Ke2
e4 67. Ke1 e3 0-1

[Event "PRO League Group Stage"]
[Site "chess.com INT"]
[Date "2017.02.22"]
[Round "7"]
[White "Mareco, Sandro"]
[Black "Szabo, Gergely-Andras-Gyula"]
[Result "1-0"]
[WhiteTitle "GM"]
[BlackTitle "GM"]
[WhiteElo "2645"]
[BlackElo "2549"]
[WhiteTeam "Buenos Aires Krakens"]
[BlackTeam "Toronto Dragons"]
[WhiteFideId "112275"]
[BlackFideId "1205064"]
[EventDate "2017.01.11"]

1. c4 e6 2. Nf3 Nf6 3. g3 d5 4. Bg2 Be7 5. O-O O-O 6. d4 dxc4 7. Qc2 a6 8. Qxc4
b5 9. Qc2 Bb7 10. Bd2 Be4 11. Qc1 c6 12. Rd1 Nbd7 13. a3 Qb6 14. b4 Bxf3 15.
Bxf3 Qxd4 16. Ra2 Ne5 17. Bg2 Rad8 18. Nc3 Nfg4 19. Be1 Qb6 20. Ne4 Nc4 21. h3
Nf6 22. Bc3 Nxe4 23. Bxe4 c5 24. Bd3 cxb4 25. axb4 Rc8 26. Qa1 e5 27. Rxa6 Qb8
28. Bxc4 bxc4 29. Bxe5 Qxb4 30. Bxg7 Rfd8 31. Rxd8+ Rxd8 32. Bh8 Bf8 33. Bf6 Rd5
34. Ra8 Qd6 35. Qc3 Rd1+ 36. Kh2 Qc6 37. Qf3 Qxf3 38. exf3 Rd7 39. Rc8 h6 40. g4
Rb7 41. h4 c3 42. Bxc3 f5 43. gxf5 Kf7 44. Kg3 h5 45. Rc6 Be7 46. f6 Bb4 47. Be5
Rb5 48. f4 Kg6 49. Rc7 Bf8 50. Rc8 Kf7 51. Kf3 Rb1 52. Ke4 Rh1 53. Kf5 Rxh4 54.
Rc7+ Kg8 55. f7+ Kh7 56. Rc8 1-0

[Event "PRO League Group Stage"]
[Site "chess.com INT"]
[Date "2017.02.22"]
[Round "7"]
[White "Banik, Siddharth G"]
[Black "Raptis, Nick"]
[Result "1-0"]
[BlackTitle "FM"]
[WhiteElo "2154"]
[BlackElo "2262"]
[WhiteTeam "San Francisco Mechanics"]
[BlackTeam "Portland Rain"]
[WhiteFideId "2065843"]
[BlackFideId "2016850"]
[EventDate "2017.01.11"]

1. e4 e6 2. d4 d5 3. Nd2 Nf6 4. e5 Nfd7 5. Ngf3 c5 6. c3 Nc6 7. Bd3 g5 8. g4 Be7
9. Nf1 h5 10. Rg1 h4 11. Be3 cxd4 12. cxd4 Qa5+ 13. N1d2 Rg8 14. a3 Nb6 15. b4
Qa4 16. Qc1 Bd7 17. Qb2 Rc8 18. Ke2 Nb8 19. Rgc1 Bb5 20. Rxc8+ Nxc8 21. Qb3
Bxd3+ 22. Qxd3 Nc6 23. Rc1 Nb6 24. Rc3 a6 25. Qh7 Qb5+ 26. Ke1 Rg6 27. Qh8+ Kd7
28. Qh7 Na4 29. Rb3 Ke8 30. Qh8+ Kd7 31. Qh7 Ke8 32. Qh5 b6 33. Qh8+ Kd7 34. Qa8
Nd8 35. Qa7+ Ke8 36. Qa8 Qc6 37. Qxa6 Qc1+ 38. Ke2 Nb2 39. Ne1 Qd1+ 40. Kf1 Nc4
41. Nxc4 Qxb3 42. Nxb6 Qd1 43. h3 Qb1 44. Nc8 Qe4 45. Kg1 f5 46. Qb5+ Kf8 47.
Qd7 Rg7 48. Nd6 Bxd6 49. Qxd8+ Kf7 50. exd6 f4 51. d7 Rg8 52. Qxg8+ Kxg8 53.
d8=Q+ Kf7 54. Qxg5 fxe3 55. Qxe3 Qb1 56. Kg2 Ke7 57. Nf3 Qh7 58. Qg5+ Kd7 59.
Qxh4 Qe4 60. Qg5 Kc6 61. Qe3 Qg6 62. Ne5+ 1-0

[Event "PRO League Group Stage"]
[Site "chess.com INT"]
[Date "2017.02.22"]
[Round "7"]
[White "Banik, Siddharth G"]
[Black "Tarjan, James E"]
[Result "1/2-1/2"]
[BlackTitle "GM"]
[WhiteElo "2154"]
[BlackElo "2406"]
[WhiteTeam "San Francisco Mechanics"]
[BlackTeam "Portland Rain"]
[WhiteFideId "2065843"]
[BlackFideId "2000180"]
[EventDate "2017.01.11"]

1. e4 e5 2. Nf3 Nc6 3. Bb5 a6 4. Ba4 Nf6 5. d3 d6 6. c3 g6 7. O-O Bg7 8. Nbd2
O-O 9. Re1 Bd7 10. h3 h6 11. d4 Re8 12. a3 Qe7 13. b4 Qf8 14. Bb3 Rad8 15. Qc2
Nh5 16. dxe5 Nxe5 17. Nxe5 Rxe5 18. Nf3 Re7 19. e5 Bf5 20. Qa2 Bxh3 21. gxh3
dxe5 22. Be3 b6 23. Qe2 e4 24. Nd4 Red7 25. Rac1 Kh7 26. Qxa6 Qd6 27. Ne2 Qe5
28. Rcd1 Qf5 29. Kg2 Qf3+ 30. Kg1 Qxh3 31. Rxd7 Rxd7 32. Qb5 Qg4+ 33. Kf1 Qh3+
34. Kg1 Qg4+ 35. Kf1 Qh3+ 36. Kg1 Qg4+ 1/2-1/2

[Event "PRO League Group Stage"]
[Site "chess.com INT"]
[Date "2017.02.22"]
[Round "7"]
[White "Macagno, Sergio"]
[Black "Checa, Nicolas D"]
[Result "0-1"]
[WhiteTitle "FM"]
[BlackTitle "IM"]
[WhiteElo "2320"]
[BlackElo "2400"]
[WhiteTeam "Patagonia Penguins"]
[BlackTeam "Montclair Sopranos"]
[WhiteFideId "100773"]
[BlackFideId "2069342"]
[EventDate "2017.01.11"]

1. d4 d5 2. Nf3 Nf6 3. Bf4 c5 4. e3 Nc6 5. c3 Qb6 6. Qb3 c4 7. Qc2 Bf5 8. Qc1 e6
9. Nbd2 Qd8 10. b3 b5 11. a4 a6 12. Be2 Be7 13. O-O O-O 14. h3 h6 15. Re1 Qb6
16. Ne5 Rfc8 17. Nxc6 Qxc6 18. b4 a5 19. axb5 Qxb5 20. bxa5 Rxa5 21. Rxa5 Qxa5
22. f3 Bg6 23. Bf1 Nh5 24. Bh2 Bh4 25. Rd1 Ng3 26. e4 Nxf1 27. Rxf1 Ra8 28. Bf4
Be7 29. Re1 Bh4 30. Re2 Qa1 31. Nf1 Qxc1 32. Bxc1 Ra1 33. Bd2 Ra2 34. g3 Bg5 35.
f4 Bf6 36. exd5 exd5 37. Kf2 Bd3 38. Ne3 Bxd4 39. cxd4 Bxe2 40. Kxe2 c3 41. Nf1
cxd2 42. Nxd2 Ra3 43. Nf3 f6 44. f5 Kf7 45. g4 Ke7 46. h4 Ra2+ 47. Ke3 Rg2 48.
Kf4 Re2 49. Kg3 Re4 50. h5 Kd6 51. Kh3 Kc6 52. Kg3 Kb5 53. Kh3 Re3 54. Kg3 Rxf3+
55. Kxf3 Kc4 56. Ke3 Kc3 0-1

[Event "PRO League Group Stage"]
[Site "chess.com INT"]
[Date "2017.02.22"]
[Round "7"]
[White "Bjornsson, Sigurbjorn"]
[Black "Ladokun, Kolawole Akinyemi"]
[Result "1-0"]
[WhiteTitle "FM"]
[WhiteElo "2289"]
[BlackElo "1934"]
[WhiteTeam "Reykjavik Puffins"]
[BlackTeam "Lagos Leatherbacks"]
[WhiteFideId "2300974"]
[BlackFideId "8501467"]
[EventDate "2017.01.11"]

1. e4 Nf6 2. e5 Nd5 3. d4 d6 4. c4 Nb6 5. exd6 cxd6 6. Nc3 g6 7. Be2 Bg7 8. h3
Nc6 9. Nf3 O-O 10. O-O Bf5 11. Be3 1-0

[Event "PRO League Group Stage"]
[Site "chess.com INT"]
[Date "2017.02.22"]
[Round "7"]
[White "Checa, Nicolas D"]
[Black "Garcia Cardenas, Pablo"]
[Result "1/2-1/2"]
[WhiteTitle "IM"]
[BlackTitle "IM"]
[WhiteElo "2400"]
[BlackElo "2424"]
[WhiteTeam "Montclair Sopranos"]
[BlackTeam "Patagonia Penguins"]
[WhiteFideId "2069342"]
[BlackFideId "3406903"]
[EventDate "2017.01.11"]

1. d4 Nf6 2. Nf3 e6 3. c4 d5 4. Nc3 a6 5. cxd5 exd5 6. Bg5 Be6 7. e3 Nbd7 8. Bd3
h6 9. Bh4 g5 10. Bg3 Nh5 11. Be5 Ng7 12. Bg3 Nh5 13. e4 dxe4 14. Bxe4 Nxg3 15.
hxg3 c6 16. O-O Nf6 17. Bc2 Bg7 18. Re1 O-O 19. Ne5 Re8 20. Qd3 Qa5 21. a3 Rad8
22. b4 Qc7 23. Rad1 a5 24. Na4 axb4 25. axb4 Bd5 26. Nc3 Be6 27. Na4 Bd5 28. b5
cxb5 29. Nc3 Bc4 30. Nxc4 Rxe1+ 31. Rxe1 bxc4 32. Qf5 Rxd4 33. Nb5 Qa5 34. Nxd4
Qxe1+ 35. Kh2 Qd2 36. Nf3 Qxf2 37. Qc8+ Bf8 38. Qxc4 Bd6 39. Bb3 Kh8 40. Qc8+
Kg7 41. Qc4 Kh8 42. Qc8+ Kh7 43. Qc4 Kh8 44. Qc8+ Kg7 45. Qc4 Kh8 46. Qc8+ Kg7
47. Qc4 1/2-1/2

[Event "PRO League Group Stage"]
[Site "chess.com INT"]
[Date "2017.02.22"]
[Round "7"]
[White "Roberson, Peter T"]
[Black "Pruijssers, Roeland"]
[Result "1/2-1/2"]
[WhiteTitle "IM"]
[BlackTitle "GM"]
[WhiteElo "2401"]
[BlackElo "2502"]
[WhiteTeam "London Towers"]
[BlackTeam "Apeldoorn Apes"]
[WhiteFideId "412384"]
[BlackFideId "1013068"]
[EventDate "2017.01.11"]

1. e4 e5 2. Nf3 Nc6 3. Bb5 a6 4. Ba4 Nf6 5. O-O Be7 6. Re1 b5 7. Bb3 O-O 8. a4
Bb7 9. d3 d6 10. Nbd2 Na5 11. Ba2 c5 12. Nf1 Bc8 13. Bg5 Be6 14. Ne3 Nc6 15. c3
b4 16. Bxf6 Bxf6 17. Nd5 Rb8 18. Nd2 Bg5 19. Nf1 Na5 20. Bc4 bxc3 21. bxc3 Nxc4
22. dxc4 f5 23. exf5 Bxf5 24. Ng3 Bg6 25. Ne4 Bh6 26. Rb1 Kh8 27. f3 Qd7 28. a5
Rxb1 29. Qxb1 Qa4 30. Qb6 Qxc4 31. Qxd6 Re8 32. Qxc5 Qd3 33. Nb4 Qd8 34. Qb6 Qh4
35. Qf2 Qd8 36. Qb6 Qh4 37. Qf2 Qd8 38. Nxa6 Bxe4 39. Rxe4 Qxa5 40. Nb4 Qa1+ 41.
Qe1 Qxe1+ 42. Rxe1 Bd2 43. Re4 Bxc3 44. Nd3 Bd4+ 45. Kf1 g5 46. h4 gxh4 47. Rxh4
Kg7 48. g3 Ra8 49. Re4 Ra3 50. Nxe5 Bxe5 51. Rxe5 Rxf3+ 52. Kg2 1/2-1/2

[Event "PRO League Group Stage"]
[Site "chess.com INT"]
[Date "2017.02.22"]
[Round "7"]
[White "Talyansky, Seth D"]
[Black "Banik, Siddharth G"]
[Result "1/2-1/2"]
[WhiteElo "2176"]
[BlackElo "2154"]
[WhiteTeam "Portland Rain"]
[BlackTeam "San Francisco Mechanics"]
[WhiteFideId "30907730"]
[BlackFideId "2065843"]
[EventDate "2017.01.11"]

1. e4 e5 2. Nf3 Nc6 3. Bb5 a6 4. Ba4 Nf6 5. O-O b5 6. Bb3 Bb7 7. Re1 Be7 8. c3
d5 9. d3 O-O 10. exd5 Nxd5 11. Nxe5 Nxe5 12. Rxe5 Nf6 13. Bg5 c5 14. Nd2 Qd6 15.
Qe2 Ng4 16. Bxe7 Qxe5 17. Qxe5 Nxe5 18. Bxf8 Kxf8 19. d4 cxd4 20. cxd4 Nd3 21.
Bc2 Nf4 22. Be4 Bxe4 23. Nxe4 Ne2+ 24. Kf1 Nxd4 25. Rd1 Ne6 26. Rd7 Rd8 27.
Rxd8+ Nxd8 28. Nc5 a5 29. Ke2 Ke7 30. Kd3 Kd6 31. Ne4+ Kc6 32. g3 f6 33. Nd2 Kd5
34. Ne4 b4 35. Nd2 Nc6 36. Nc4 Kc5 37. Nd2 f5 38. f4 a4 39. Nf3 Kd5 40. Ng5 h6
41. Nf3 g6 42. Nh4 Ne7 43. Nf3 Nc6 44. Nh4 Ne7 45. Nf3 Nc6 46. Nh4 Ne7 1/2-1/2

[Event "PRO League Group Stage"]
[Site "chess.com INT"]
[Date "2017.02.22"]
[Round "7"]
[White "Hawkins, Jonathan"]
[Black "Warmerdam, Max"]
[Result "1/2-1/2"]
[WhiteTitle "GM"]
[BlackTitle "FM"]
[WhiteElo "2583"]
[BlackElo "2350"]
[WhiteTeam "London Towers"]
[BlackTeam "Apeldoorn Apes"]
[WhiteFideId "412686"]
[BlackFideId "1048104"]
[EventDate "2017.01.11"]

1. d4 Nf6 2. c4 g6 3. Nc3 Bg7 4. e4 d6 5. Be2 O-O 6. Be3 Na6 7. g4 c5 8. g5 Ng4
9. Bxg4 Bxg4 10. Qxg4 cxd4 11. Bxd4 Bxd4 12. Nge2 Bg7 13. O-O Rc8 14. b3 Rc5 15.
Rac1 Nb4 16. f4 Qa5 17. Na4 Rc7 18. a3 Na2 19. Rcd1 b5 20. Rd5 Rb8 21. f5 Qa6
22. fxg6 hxg6 23. Qf3 e6 24. cxb5 Rxb5 25. Rd2 Nc3 26. Naxc3 Bxc3 27. Nxc3 Rxb3
28. Rd3 Qxa3 29. Nb1 Qc5+ 30. Kh1 Rb2 31. Qf6 Qc2 32. Qd8+ Kg7 33. Qf6+ Kg8 34.
Qd8+ Kg7 35. Qf6+ Kg8 36. Qd8+ Kg7 37. Qf6+ Kg8 1/2-1/2